00269nam a22000977a 4500020001800000245008300018260003200101300001100133563000800144650001900152 a9780415153140 aEarly Modern Conceptions of Property /cEdited by John Brewer and Susan Staves aLondon :bRouteldge,c1996. a599 p. aPB. aLaw, property